[Event "Wichern op 5th"]
[Site "Hamburg"]
[Date "1999.10.22"]
[Round "9"]
[White "Kjaer, Jakob"]
[Black "Becker, Herbert"]
[Result "1-0"]
[WhiteElo "1742"]
[BlackElo "1599"]
[PlyCount "83"]
[EventDate "1999.10.15"]
[EventType "swiss"]
[EventRounds "9"]
[EventCountry "GER"]
[SourceTitle "EXT 2001"]
[Source "ChessBase"]
[SourceDate "2000.11.22"]
[SourceVersion "1"]
[SourceVersionDate "2000.11.22"]
[SourceQuality "1"]

1. Nf3 d5 2. c4 e6 3. g3 Nf6 4. Bg2 Be7 5. 0-0 0-0 6. d3 c5 7. Bd2 Nc6 8. a3 Bd7 9. Nc3 a6 10. Rb1 Qc7 11. Na2 dxc4 12. dxc4 Ne4 13. Bf4 Bd6 14. Bxd6 Nxd6 15. Qc2 h6 16. Rfd1 Nf5 17. e3 Rad8 18. Nc3 Na5 19. Ne4 Bc8 20. Rxd8 Rxd8 21. Qc3 f6 22. Rc1 e5 23. b4 cxb4 24. axb4 Nc6 25. c5 Nfe7 26. Nd6 Be6 27. Nd2 Rxd6 28. cxd6 Qxd6 29. Rb1 Qd7 30. Nb3 Bf5 31. Nc5 Qc8 32. Rc1 Bh3 33. Qb3+ Kh8 34. Bxh3 Qxh3 35. Nxb7 e4 36. Nd6 Ne5 37. Nf7+ Kh7 38. Nxe5 fxe5 39. Qb1 Qg4 40. Rc4 Nf5 41. Rxe4 Qg6 42. Rxe5 1-0

[Event "Wichern op 5th"]
[Site "Hamburg"]
[Date "1999.10.18"]
[Round "5"]
[White "Ploetz, Juergen"]
[Black "Becker, Herbert"]
[Result "1/2-1/2"]
[WhiteElo "1892"]
[BlackElo "1599"]
[PlyCount "47"]
[EventDate "1999.10.15"]
[EventType "swiss"]
[EventRounds "9"]
[EventCountry "GER"]
[SourceTitle "EXT 2001"]
[Source "ChessBase"]
[SourceDate "2000.11.22"]
[SourceVersion "1"]
[SourceVersionDate "2000.11.22"]
[SourceQuality "1"]

1. Nf3 d5 2. g3 Nf6 3. Bg2 e6 4. 0-0 Be7 5. d3 0-0 6. Nbd2 c5 7. e4 Qc7 8. Re1 Nc6 9. e5 Nd7 10. Qe2 Nb4 11. Nf1 Nb6 12. h4 Bd7 13. h5 h6 14. N1h2 c4 15. d4 Ba4 16. b3 cxb3 17. axb3 Nxc2 18. Bf4 Nxa1 19. Rxa1 Qc3 20. Rc1 Qb4 21. bxa4 Nc4 22. Ng4 Rac8 23. Nfh2 Na3 24. Rd1 1/2-1/2